| 000 | 02272nam a22003137a 4500 | ||
|---|---|---|---|
| 003 | DO-SdBPM | ||
| 005 | 20251013121510.0 | ||
| 007 | ta | ||
| 008 | 161031b2024 pr a 00| 0 spa d | ||
| 020 | _a9781944352530 | ||
| 040 |
_aDO-SdBPM _bspa _cBPMSU _erda |
||
| 082 | 4 |
_a972.95 _bC921L 2024 _222 |
|
| 100 | 1 |
_a Crespo-Armáiz, Jorge L. _eautor |
|
| 245 | 0 | 0 |
_a La linterna mágica : _bPuerto Rico a través de vistas en cristal (1834-1930) / _cJorge L. Crespo Armáiz ; prólogo Libia González López |
| 250 | _a | ||
| 264 |
_aSan Juan, Puerto Rico : _bFundación Luis Muñoz Marían; _b Colectivo Editorial Luscinia, _c2024 |
||
| 300 |
_a221 páginas : _bilustración, retrato ; _c23 cm. |
||
| 336 |
_atexto _btxt _2rdacontent |
||
| 337 |
_asin mediación _bn _2rdamedia |
||
| 338 |
_avolumen _bnc _2rdacarrier |
||
| 504 | _aBibliografía : páginas 220-221 | ||
| 505 | 0 | _aMensaje del director de la Fundación Luis Muñoz Marín. Dr. Javier Alemán Iglesias, 9.-- Prefacio, 11.-- Listado de abreviaturas, 13.-- Prólogo : La imagen fantástica : del coleccionismo a la historia. Dra. Libia González López, 15.-- La "linterna mágica" : orígenes y evolución / De la cámara oscura a la imagen fija, 19.-- La laterna magika y la imagen proyectada, 21.-- Las fantasmagorías, 23.-- Movimientos mecánicos, 24.-- Fotografía, electricidad y masificación, 25.-- Impacto cultural y educativo de la linterna mágica, 26.-- La linterna mágica en Puerto Rico, 27.-- La Colección Jorge L. Crespo Armáiz, 35.-- Proyectando al subalterno : altruismo y discurso colonial a través de la colección de vistas en cristal de la iglesia presbiteriana (ca. 1925), 43.-- La Colección José A. Hernández-Mayoral, 59.-- Entre grietas y sombras : el paso del tiempo y el olvido sobre las imágenes en cristal. Dr. José Orlando Sued, 65.-- Epílogo, 71.-- Galería I : Colección Jorge L. Crespo Armáiz, 75.-- Galería II : Colección José A. Hernández-Mayoral, 159.-- Referencias, 220. | |
| 590 | _aInventariado, 2025/VM | ||
| 651 | 7 |
_aPuerto Rico _xHistoria _ySiglos XIX-XX _v _z |
|
| 651 | 7 |
_aPuerto Rico _xHistoria en gráficas _ySiglos XIX-XX |
|
| 700 | 1 |
_aGonzález López, Libia _eprólogo |
|
| 910 | _aVMateo V. Control de calidad. BPMSU | ||
| 942 |
_2ddc _cBK |
||
| 999 |
_c15434 _d15434 |
||